Blilding Materials And Construction (Record no. 849)

MARC details
000 -LEADER
fixed length control field 00279nam a22001337a 4500
041 ## - LANGUAGE CODE
Language code of text/sound track or separate title ENG
100 ## - MAIN ENTRY--PERSONAL NAME
Personal name Lsiam .S
245 ## - TITLE STATEMENT
Title Blilding Materials And Construction
260 ## - PUBLICATION, DISTRIBUTION, ETC. (IMPRINT)
Place of publication, distribution, etc Delhi
Name of publisher, distributor, etc Vayu Education
Date of publication, distribution, etc 2010
300 ## - PHYSICAL DESCRIPTION
Extent 172
650 ## - SUBJECT ADDED ENTRY--TOPICAL TERM
Topical term or geographic name as entry element FS
700 ## - ADDED ENTRY--PERSONAL NAME
Personal name Karim Y
856 ## - ELECTRONIC LOCATION AND ACCESS
Uniform Resource Identifier FS

No items available.

Contact Us: College of Agricultural Engineering and Technology, Dapoli, Dist.- Ratnagiri
Website: https://dbskkv.org Email: caetlibrary2015@gmail.com